[Event "FISCA Online op"]
[Site "Chess.com INT"]
[Date "2020.06.27"]
[Round "8"]
[White "Bhandari, Arjun Neel"]
[Black "Spiridon, Anisia"]
[Result "1/2-1/2"]
[WhiteElo "1111"]
[BlackElo "1551"]
[PlyCount "83"]
[EventDate "2020.06.19"]
[EventType "swiss"]
[EventRounds "9"]
[EventCountry "ROU"]
[SourceTitle "CBM 197 Extra"]
[Source "ChessBase"]
[SourceDate "2020.09.30"]
[SourceVersion "1"]
[SourceVersionDate "2020.09.30"]
[SourceQuality "1"]

1. e4 e6 2. d4 d5 3. e5 c5 4. c3 Nc6 5. Nf3 Bd7 6. Be2 f6 7. Bf4 cxd4 8. cxd4 Qb6 9. Qd2 Qa5 10. Qxa5 Nxa5 11. Nc3 a6 12. 0-0 Ne7 13. Rfe1 Ng6 14. Bg3 Be7 15. Bd3 Kf7 16. Rac1 Rac8 17. Rc2 f5 18. Rec1 Nf8 19. Bf4 h6 20. h4 Nh7 21. Bd2 Nc4 22. Bxc4 Rxc4 23. b3 Rc6 24. Ne2 Rhc8 25. Rxc6 Rxc6 26. Rxc6 Bxc6 27. h5 g5 28. hxg6+ Kxg6 29. Nf4+ Kf7 30. Nh5 Ng5 31. Nxg5+ hxg5 32. f4 Kg6 33. Ng3 gxf4 34. Bxf4 Bg5 35. Ne2 Bb5 36. Bxg5 Kxg5 37. Nc3 Kf4 38. Kf2 Be8 39. g3+ Kg4 40. Ne2 Bd7 41. Nf4 Bc8 42. Kg2 1/2-1/2

[Event "Hersonissos Online op"]
[Site "Chess.com INT"]
[Date "2020.06.08"]
[Round "4"]
[White "Bhandari, Arjun Neel"]
[Black "Tarchanidis, Nikolaos Christos"]
[Result "1-0"]
[WhiteElo "1111"]
[BlackElo "1262"]
[PlyCount "75"]
[EventDate "2020.06.05"]
[EventType "swiss"]
[EventRounds "9"]
[EventCountry "GRE"]
[SourceTitle "EXT 2021"]
[Source "ChessBase"]
[SourceDate "2020.10.23"]
[SourceVersion "1"]
[SourceVersionDate "2020.10.23"]
[SourceQuality "1"]

1. e4 e6 2. d4 d5 3. e5 c5 4. c3 Nc6 5. Nf3 Bd7 6. Be2 Nge7 7. a3 cxd4 8. cxd4 Nf5 9. b4 Qb6 10. Bb2 Be7 11. 0-0 0-0 12. Qd3 Rfc8 13. Nbd2 a6 14. Nb3 Na7 15. Rfc1 Bb5 16. Qd2 Bxe2 17. Qxe2 Nc6 18. Nc5 Qa7 19. Rc2 b6 20. Na4 Rc7 21. Rac1 Rac8 22. b5 Bg5 23. bxc6 Bxc1 24. Rxc1 Rxc6 25. Rxc6 Rxc6 26. Nc3 b5 27. Qd3 Rc4 28. Na2 Qc7 29. Bc3 Qb6 30. g4 Ne7 31. Ng5 h6 32. Qh7+ Kf8 33. Qh8+ Ng8 34. Nh7+ Ke7 35. Qxg8 Qb7 36. Qf8+ Kd7 37. Qxf7+ Kc8 38. Qxb7+ 1-0

[Event "Hersonissos Online op"]
[Site "Chess.com INT"]
[Date "2020.06.05"]
[Round "1"]
[White "Koutlas, Nikolaos"]
[Black "Bhandari, Arjun Neel"]
[Result "1-0"]
[WhiteElo "2032"]
[BlackElo "1111"]
[PlyCount "39"]
[EventDate "2020.06.05"]
[EventType "swiss"]
[EventRounds "9"]
[EventCountry "GRE"]
[SourceTitle "CBM 196 Extra"]
[Source "ChessBase"]
[SourceDate "2020.07.31"]
[SourceVersion "1"]
[SourceVersionDate "2020.07.31"]
[SourceQuality "1"]

1. e4 e5 2. Nf3 Nc6 3. Bb5 Bc5 4. c3 d6 5. 0-0 Bd7 6. a4 Nf6 7. b4 Nxe4 8. bxc5 Nxc5 9. d4 exd4 10. cxd4 Na6 11. Re1+ Ne7 12. Qe2 Nb8 13. Nc3 c6 14. Bc4 d5 15. Bd3 f6 16. Ba3 g6 17. Bxe7 Qc8 18. Bxf6+ Kf7 19. Qe7+ Kg8 20. Qg7# 1-0

[Event "FISCA Online U14 op"]
[Site "Chess.com INT"]
[Date "2020.05.17"]
[Round "9"]
[White "Bhandari, Arjun Neel"]
[Black "Eisler, Darius"]
[Result "1/2-1/2"]
[WhiteElo "1111"]
[BlackElo "1250"]
[PlyCount "97"]
[EventDate "2020.05.09"]
[EventType "swiss"]
[EventRounds "9"]
[EventCountry "ROU"]
[SourceTitle "EXT 2021"]
[Source "ChessBase"]
[SourceDate "2020.10.23"]
[SourceVersion "1"]
[SourceVersionDate "2020.10.23"]
[SourceQuality "1"]

1. e4 c5 2. Nf3 e6 3. d4 cxd4 4. Nxd4 Nc6 5. Nc3 Qc7 6. Be3 a6 7. Qd2 Nf6 8. f3 Bb4 9. a3 Be7 10. 0-0-0 0-0 11. Be2 d6 12. g4 b5 13. h4 b4 14. Nxc6 bxc3 15. Nxe7+ Qxe7 16. Qxc3 Bb7 17. g5 Nh5 18. Qb4 Rfd8 19. Kb1 Rab8 20. Qc3 Ng3 21. Rh2 Nxe2 22. Rxe2 d5 23. Qc5 Qxc5 24. Bxc5 dxe4 25. Rxd8+ Rxd8 26. fxe4 Rd1+ 27. Ka2 Rh1 28. Rd2 h6 29. gxh6 gxh6 30. Be7 Bxe4 31. c4 Kg7 32. Rd8 f6 33. Rf8 Rxh4 34. Bxf6+ Kxf8 35. Bxh4 Bc6 36. b4 e5 37. Kb3 e4 38. a4 Kf7 39. b5 axb5 40. axb5 Bb7 41. c5 Ke6 42. c6 Bxc6 43. bxc6 Kd6 44. Kc4 Kxc6 45. Kd4 Kd6 46. Kxe4 h5 47. Kf5 Kd5 48. Kg5 Kd4 49. Kxh5 1/2-1/2

[Event "FISCA Online U14 op"]
[Site "Chess.com INT"]
[Date "2020.05.16"]
[Round "8"]
[White "Rosu, Alexia Maria"]
[Black "Bhandari, Arjun Neel"]
[Result "0-1"]
[WhiteElo "1027"]
[BlackElo "1111"]
[PlyCount "108"]
[EventDate "2020.05.09"]
[EventType "swiss"]
[EventRounds "9"]
[EventCountry "ROU"]
[SourceTitle "EXT 2021"]
[Source "ChessBase"]
[SourceDate "2020.10.23"]
[SourceVersion "1"]
[SourceVersionDate "2020.10.23"]
[SourceQuality "1"]

1. e4 d5 2. exd5 Qxd5 3. Nc3 Qa5 4. d3 e5 5. Bd2 Nf6 6. Ne4 Qb6 7. Nxf6+ Qxf6 8. g3 Bc5 9. Nf3 Bg4 10. Bg2 Nc6 11. c3 e4 12. Qe2 Bxf3 13. Bxf3 Qxf3 14. Qxf3 exf3 15. 0-0-0 0-0-0 16. Be3 Bxe3+ 17. fxe3 Rhe8 18. Kd2 Ne5 19. h3 Rxd3+ 20. Kc2 Red8 21. Rhf1 Rxd1 22. Rxd1 Rxd1 23. Kxd1 Nc4 24. b3 Nxe3+ 25. Ke1 Nd5 26. c4 Nb4 27. a3 Nc2+ 28. Kf2 Nxa3 29. Kxf3 b5 30. c5 a5 31. Ke3 a4 32. bxa4 bxa4 33. Kd3 Kb7 34. Kc3 Kc6 35. Kb4 Nc2+ 36. Kxa4 Kxc5 37. Kb3 Kd4 38. Kxc2 c5 39. Kd2 c4 40. Kc2 Ke3 41. Kc3 Kf3 42. Kxc4 Kxg3 43. Kd4 Kxh3 44. Ke4 g5 45. Kf5 g4 46. Kf4 g3 47. Kf3 g2 48. Kf2 Kh2 49. Kf3 g1Q 50. Kf4 Qe1 51. Kf5 Qe6+ 52. Kf4 Kg2 53. Kg5 Kg3 54. Kh5 Qg6# 0-1

[Event "GBR-ch U1750 op 105th"]
[Site "Hull"]
[Date "2018.07.30"]
[Round "1"]
[White "Bullock, Lee"]
[Black "Bhandari, Arjun Neel"]
[Result "1-0"]
[WhiteElo "1556"]
[BlackElo "1156"]
[PlyCount "97"]
[EventDate "2018.07.30"]
[EventType "swiss"]
[EventRounds "5"]
[EventCountry "ENG"]
[SourceTitle "EXT 2021"]
[Source "ChessBase"]
[SourceDate "2020.10.23"]
[SourceVersion "1"]
[SourceVersionDate "2020.10.23"]
[SourceQuality "1"]

1. e4 Nc6 2. Nf3 e5 3. d4 exd4 4. c3 Qe7 5. Qc2 d5 6. cxd4 dxe4 7. Nfd2 Nxd4 8. Qa4+ Qd7 9. Qd1 Nf6 10. Nc3 Qc6 11. Nb3 Bb4 12. Qxd4 Bxc3+ 13. bxc3 0-0 14. Bg5 Bf5 15. Bxf6 Qxf6 16. Qxf6 gxf6 17. g4 Bg6 18. h4 h5 19. g5 f5 20. Nc5 b6 21. Nd7 Rfd8 22. Nf6+ Kg7 23. Be2 Rh8 24. f3 exf3 25. Bxf3 Rad8 26. Ke2 c5 27. Rhd1 Rxd1 28. Rxd1 a5 29. Rd6 b5 30. Rb6 b4 31. c4 Rd8 32. Nd5 a4 33. Rb5 Rc8 34. Kd2 f4 35. Nxf4 Rd8+ 36. Nd5 Rc8 37. Nf6 Rd8+ 38. Bd5 Rc8 39. Nd7 a3 40. Nxc5 Bb1 41. Nb3 Bxa2 42. Kc2 f6 43. Rb7+ Kg6 44. Bf7+ Kf5 45. g6 Bxb3+ 46. Kxb3 Kg4 47. g7 Kxh4 48. g8Q Rxg8 49. Bxg8 1-0